000 00426nam a2200181Ia 4500
001 4178
005 20260306145736.0
008 260306t2020||||xx |||||||||||||| ||spa||
041 _aESP
082 _a320
_bCH517
100 _aChanamé Orbe, Raúl,
_eAUT
245 0 _aLecciones de ciencia política
260 _c2020
300 _a354 páginas :
_c29 cm.
650 _aGEN
654 _aCDE
942 _cLIB
_dJUS
_fJUS
_2ddc
_n
999 _c4178
_d4178